000 00553nam a2200205Ia 4500
005 20250508163858.0
008 008 250505s9999 xx 000 0 hin d
037 _aTextBook
040 _aFEDL
_beng
_cFEDL
041 _ahin
_2eng
084 _a153.15, HOL
_qFEDL
100 _aHolt John
245 0 _aKaise asafal hote hai bacche?
260 _aDelhi, India
_bPrem Nath and Sons
_c2000
300 _a111p
365 _aINR
_b150
650 _aPsychology-Learning
_9764788
942 _cTB
_h153.15, HOL
999 _c1385759
_d1385759